| 000 | 00774nam a2200205 a 4500 | ||
|---|---|---|---|
| 003 | 0 | ||
| 005 | 20250219103446.0 | ||
| 008 | 110621s19uu xx 00 eng d | ||
| 050 |
_aPHS BF 632 _b.H13 2011 |
||
| 100 | _aHalili, Vincent Ross B. | ||
| 245 |
_aA comparative study between the self-discipline of gym goers to non gym-goers / _cVincent Ross B. Halili. |
||
| 260 |
_aLas PiƱas City, Philippines : _bSouthville International School and Colleges, _c2011. |
||
| 300 |
_a28 pages : _billustrations ; _c28 cm. |
||
| 504 | _aIncludes bibliographical references? | ||
| 650 | _aSelf-discipline. | ||
| 650 |
_aExercise _vPsychological aspects. |
||
| 650 |
_aPhysical fitness _vPsychological aspects. |
||
| 650 |
_aSelf-control _vComparative studies. |
||
| 942 |
_2lcc _cPASS |
||
| 999 |
_c98590 _d98590 |
||